000 00263nam a2200097Ia 4500
008 120527s9999 xx 000 0 und d
100 _aHuman Development Rept
245 _aHIV & AIDS:a challenge to sustainable human development.
260 _bU.N.D.P
942 _cBK
999 _c23610
_d23610